000 00699nam a2200241Ia 4500
003 OSt
005 20220918221431.0
006 a|||||r|||| 00| 0
007 ta
008 220917b |||||||| |||| 00| 0 eng d
024 _a174,536
037 _cTextual
040 _aARTS
_cARTS
_beng
041 _2eng
_aeng
082 _aQ41:22524, 1511L9
245 0 _aPatisambhidamagga edited by Arnold C Taylor
260 _aLondon
_bPali Text Societyd
_c1979
300 _a2v (Bound in one)
_ccm.
490 _aOrginal text Roman script. Pali text society /text series:; 86,87
650 _aRELIGION
942 _hQ41:22524, 1511L9
_cTEXL
_2CC
999 _c272538
_d272538